[Event "Kiel op 30th"]
[Site "Kiel"]
[Date "2017.07.29"]
[Round "1"]
[White "Maas, Kolja"]
[Black "Jordan, Christian"]
[Result "0-1"]
[WhiteElo "1527"]
[BlackElo "2182"]
[PlyCount "58"]
[EventDate "2017.07.29"]
[EventType "swiss"]
[EventRounds "9"]
[EventCountry "GER"]
[SourceTitle "EXT 2018"]
[Source "ChessBase"]
[SourceDate "2017.10.13"]
[SourceVersion "1"]
[SourceVersionDate "2017.10.13"]
[SourceQuality "1"]

1. e4 e6 2. d4 b6 3. f4 d5 4. e5 Ba6 5. Bxa6 Nxa6 6. a3 Qd7 7. Qd3 Nb8 8. Ne2 c5 9. c4 dxc4 10. Qxc4 Nc6 11. Be3 cxd4 12. Nxd4 Rc8 13. Nxc6 Rxc6 14. Qe4 Nh6 15. 0-0 Ng4 16. b4 Nxe3 17. Qxe3 a5 18. Qe4 Be7 19. Ra2 0-0 20. Rd2 Qc8 21. b5 Rc4 22. Qf3 Qc5+ 23. Kh1 Qxb5 24. Nc3 Qc6 25. Qxc6 Rxc6 26. Nb5 Rc5 27. Nd6 Rd8 28. Rfd1 f6 29. exf6 Bxd6 0-1

[Event "Travemuende op 29th"]
[Site "Travemuende"]
[Date "2012.12.28"]
[Round "4"]
[White "Mainka, Romuald"]
[Black "Jordan, Christian"]
[Result "1-0"]
[WhiteElo "2431"]
[BlackElo "2192"]
[PlyCount "70"]
[EventDate "2012.12.27"]
[EventType "swiss"]
[EventRounds "7"]
[EventCountry "GER"]
[SourceTitle "CBM 152 Extra"]
[Source "ChessBase"]
[SourceDate "2013.02.25"]
[SourceVersion "1"]
[SourceVersionDate "2013.02.25"]
[SourceQuality "1"]

1. e4 e6 2. d4 d5 3. Nd2 c5 4. Ngf3 cxd4 5. Nxd4 Nf6 6. exd5 Nxd5 7. N2f3 Be7 8. Bc4 0-0 9. 0-0 Nb6 10. Bd3 N8d7 11. c3 Nf6 12. Re1 a6 13. Bf4 Nbd5 14. Bd2 Qc7 15. Ne5 g6 16. Bh6 Re8 17. Qd2 Bd6 18. Ndf3 Bf8 19. Bxf8 Rxf8 20. Qh6 Nh5 21. Rad1 Ndf4 22. Bf1 f6 23. g4 Qg7 24. Qxg7+ Nxg7 25. Nd7 Bxd7 26. Rxd7 b5 27. Red1 Rfc8 28. g5 Ngh5 29. h4 Nd5 30. Nd4 Nhf4 31. Nxe6 Nxe6 32. R1xd5 Rc5 33. Bh3 f5 34. Bg2 Rac8 35. Ra7 Nc7 1-0

[Event "Niedersachsen-ch"]
[Site "Verden"]
[Date "2006.01.07"]
[Round "5"]
[White "Jordan, Christian"]
[Black "Schulze, Dorothee"]
[Result "1-0"]
[WhiteElo "2197"]
[BlackElo "1959"]
[PlyCount "39"]
[EventDate "2006.01.??"]
[EventType "swiss"]
[EventRounds "7"]
[EventCountry "GER"]
[SourceTitle "CBM 110 Extra"]
[Source "ChessBase"]
[SourceDate "2006.03.10"]
[SourceVersion "2"]
[SourceVersionDate "2006.03.10"]
[SourceQuality "1"]

1. e4 c5 2. Nf3 d6 3. d4 cxd4 4. Nxd4 Nf6 5. Nc3 g6 6. g3 Bg7 7. Bg2 0-0 8. h3 Nc6 9. Nde2 Bd7 10. 0-0 Rc8 11. Nd5 a6 12. a4 Na5 13. Ra2 Nxd5 14. exd5 Qc7 15. b3 b6 16. Re1 Rfe8 17. Be3 Ra8 18. Bd4 b5 19. Bxg7 Kxg7 20. axb5 1-0

[Event "Travemuende op 21th"]
[Site "Travemuende"]
[Date "2004.12.30"]
[Round "7"]
[White "Jordan, Christian"]
[Black "Schulenburg, Fabian"]
[Result "1-0"]
[WhiteElo "2164"]
[BlackElo "2042"]
[PlyCount "117"]
[EventDate "2004.12.27"]
[EventType "swiss"]
[EventRounds "7"]
[EventCountry "GER"]
[SourceTitle "EXT 2006"]
[Source "ChessBase"]
[SourceDate "2005.11.24"]
[SourceVersion "1"]
[SourceVersionDate "2005.11.24"]
[SourceQuality "1"]

1. e4 d5 2. exd5 Qxd5 3. Nc3 Qa5 4. g3 c6 5. Bg2 Nf6 6. Nge2 g6 7. 0-0 Bg7 8. h3 0-0 9. Nd4 Nbd7 10. Nb3 Qc7 11. d4 e5 12. Re1 exd4 13. Bf4 Qb6 14. Qxd4 Qxd4 15. Nxd4 Nh5 16. Be3 Nb6 17. Rad1 f5 18. Bf1 Bd7 19. a4 a6 20. a5 Nc4 21. Nb3 Rad8 22. Bc1 Ne5 23. Be2 f4 24. g4 f3 25. Bf1 Nf4 26. Nc5 Ne2+ 27. Nxe2 fxe2 28. Bxe2 Bc8 29. f4 Nf7 30. c3 Nd6 31. Kg2 Bf6 32. Kg3 Rfe8 33. Bd3 Rxe1 34. Rxe1 Kf7 35. Bc2 Re8 36. Rd1 Nb5 37. Bb3+ Kg7 38. Kf3 Bd8 39. c4 Be7 40. Ne4 Nc7 41. Bd2 Kf8 42. Bc3 Ne6 43. Nf6 Bxf6 44. Bxf6 Nc5 45. Bc2 Be6 46. b3 Nd7 47. Bg5 Kg7 48. f5 Ne5+ 49. Kg3 Bc8 50. Rd8 Rxd8 51. Bxd8 gxf5 52. gxf5 Nf7 53. Be7 Nh6 54. Kf4 Kf7 55. Bh4 Bd7 56. Ke5 Bc8 57. Bg5 Ng8 58. Kd6 h6 59. Bh4 1-0

[Event "IECG C1.2000.0.00311"]
[Site "IECG email"]
[Date "2000.10.01"]
[Round "?"]
[White "Huerga, Jorge Hugo"]
[Black "Jordan, Christian"]
[Result "1-0"]
[WhiteElo "2000"]
[BlackElo "2011"]
[PlyCount "61"]
[EventDate "2000.10.01"]
[EventType "tourn (corr)"]
[EventRounds "5"]
[SourceTitle "Corr 2008"]
[Source "ChessBase"]
[SourceDate "2008.06.24"]
[SourceVersion "1"]
[SourceVersionDate "2008.06.24"]
[SourceQuality "1"]

1. e4 e6 2. d4 d5 3. Nc3 Bb4 4. e5 c5 5. a3 Bxc3+ 6. bxc3 Ne7 7. Qg4 Qc7 8. Qxg7 Rg8 9. Qxh7 cxd4 10. Ne2 Nbc6 11. f4 Bd7 12. Qd3 dxc3 13. Qxc3 Nf5 14. Rb1 d4 15. Qd3 0-0-0 16. Rg1 f6 17. g4 Nh4 18. exf6 e5 19. f7 Rxg4 20. Rxg4 Bxg4 21. Bh3 Qd7 22. Bxg4 Qxg4 23. Qg3 Qh5 24. Rb3 e4 25. Qg8 d3 26. cxd3 Nf3+ 27. Kf2 Qd5 28. dxe4 Qxb3 29. Qxd8+ Nxd8 30. f8Q Nxh2 31. Qf5+ 1-0

[Event "IECG C1.2000.0.00311"]
[Site "IECG email"]
[Date "2000.10.01"]
[Round "?"]
[White "Jelic, Milorad"]
[Black "Jordan, Christian"]
[Result "0-1"]
[WhiteElo "1800"]
[BlackElo "2011"]
[PlyCount "98"]
[EventDate "2000.10.01"]
[EventType "tourn (corr)"]
[EventRounds "5"]
[SourceTitle "Corr 2008"]
[Source "ChessBase"]
[SourceDate "2008.06.24"]
[SourceVersion "1"]
[SourceVersionDate "2008.06.24"]
[SourceQuality "1"]

1. d4 Nf6 2. Nc3 d5 3. Bg5 Bf5 4. a3 Nbd7 5. Nf3 e6 6. e4 dxe4 7. Ne5 h6 8. Bh4 Be7 9. Bc4 c6 10. 0-0 Nd5 11. Bxe7 Qxe7 12. Nxd7 Qxd7 13. Ne2 Bg4 14. h3 Bh5 15. Qd2 Nb6 16. Ng3 Nxc4 17. Qc3 Qd5 18. Nxh5 0-0-0 19. Rfd1 Nxb2 20. Qxb2 Qxh5 21. c4 Rd7 22. Rab1 Rhd8 23. Re1 f5 24. Re3 Qf7 25. Rb3 Qe7 26. Rb4 Rxd4 27. Rxb7 Rd1+ 28. Kh2 Qd6+ 29. g3 Rxb1 30. Qxb1 Rd7 31. Rb3 g5 32. a4 Qe5 33. Qa2 f4 34. Qb2 Qxb2 35. Rxb2 Rd4 36. gxf4 gxf4 37. Rc2 Kc7 38. a5 Kb7 39. c5 Ka6 40. Rb2 Rc4 41. Rd2 Rxc5 42. Rd6 Re5 43. Rxc6+ Kxa5 44. Kg2 Kb5 45. Rc8 a5 46. Rb8+ Kc4 47. Rc8+ Kd3 48. Rh8 h5 49. Rf8 e3 0-1